| 000 | 00701nam a2200253Ia 4500 | ||
|---|---|---|---|
| 003 | OSt | ||
| 005 | 20220918165539.0 | ||
| 006 | a|||||r|||| 00| 0 | ||
| 007 | ta | ||
| 008 | 220917b |||||||| |||| 00| 0 eng d | ||
| 020 | _a8126016051 (hbk) | ||
| 024 | _a235,697 | ||
| 037 | _cTextual | ||
| 040 |
_aARTS _cARTS _beng |
||
| 041 |
_2eng _aeng |
||
| 082 | _aO111944,3x, 153P3 | ||
| 100 |
_ae[wko, fFt e/, Ed. _924732 |
||
| 245 | 0 | _anzro/}h ftu ;wekbh Gkosh S'Nh ejkDh | |
| 260 |
_afdZbh, _b;kfjs nekd/wh, Gkos _c2003 |
||
| 300 |
_a275gz _ccm. |
||
| 650 |
_anzrq/ih ;kfjs _924733 |
||
| 942 |
_hO111944,3x, 153P3 _cTEXL _2CC |
||
| 999 |
_c130319 _d130319 |
||